UDL Thesis Publication | 2025 (Record no. 14412)

000 -LEADER
fixed length control field 00417nam a2200157 4500
003 - CONTROL NUMBER IDENTIFIER
control field OSt
005 - DATE AND TIME OF LATEST TRANSACTION
control field 20260410132648.0
008 - FIXED-LENGTH DATA ELEMENTS--GENERAL INFORMATION
fixed length control field 260410b ||||| |||| 00| 0 eng d
020 ## - INTERNATIONAL STANDARD BOOK NUMBER
International Standard Book Number 978933418682
040 ## - CATALOGING SOURCE
Original cataloging agency BMSCA
110 ## - MAIN ENTRY--CORPORATE NAME
Corporate name or jurisdiction name as entry element Urban Design Lab
245 ## - TITLE STATEMENT
Title UDL Thesis Publication | 2025
Remainder of title curating the best graduate thesis projects globally
260 ## - PUBLICATION, DISTRIBUTION, ETC. (IMPRINT)
Name of publisher, distributor, etc Urban Design Lab
Date of publication, distribution, etc 2025
300 ## - PHYSICAL DESCRIPTION
Extent 283p.
942 ## - ADDED ENTRY ELEMENTS (KOHA)
Source of classification or shelving scheme
Holdings
Withdrawn status Lost status Source of classification or shelving scheme Damaged status Not for loan Permanent location Current location Shelving location Date acquired Cost, normal purchase price Barcode Date last seen Price effective from Koha item type
        Not For Loan BMS College of Architecture, Design and Planning BMS College of Architecture, Design and Planning On Display 2026-04-10 4801.00 AR-UG5300 2026-04-10 2026-04-10 UG Books
Copyright © 2025, The Librarian, Library and Information Centre, BMSCA D&P, Bengaluru. All Rights Reserved
web counter

Powered by Koha